Cairo.

محفوظ في:

المؤلف الرئيسي: Aldridge, James, 1918-2015 (مؤلف)

التنسيق: كتاب

اللغة: English

منشور في: Boston : Little, Brown, [1969].

الطبعة: [1st ed.].

الموضوعات:

الوسوم: إضافة وسم

لا توجد وسوم, كن أول من يضع وسما على هذه التسجيلة!

رقم الطلب: DT143 .A6 1969

LEADER 00687namaa2200253 4500
001 14185
003 OSt
005 20250526060330.0
008 190929s1969 mauab b 000 0 eng d
010 |a 72079364 
040 |c ARCE Library 
043 |a f-ua--- 
050 4 |a DT143 .A6 1969 
100 1 |a Aldridge, James,  |d 1918-2015,  |e author 
245 1 0 |a Cairo. 
250 |a [1st ed.]. 
264 1 |a Boston :  |b Little, Brown,  |c [1969]. 
300 |a xii, 370 pages :  |b illustrations, maps ;  |c 25 cm. 
504 |a Bibliography : pages 353-360. 
651 0 |a Cairo (Egypt)  |x History. 
651 0 |a Cairo (Egypt)  |x Description and travel. 
901 |a reviewed 
942 |c BK  |2 lcc 
999 |c 15097  |d 15097